| 000 | 00710nam a2200217Ii 4500 | ||
|---|---|---|---|
| 003 | JO-AjNU | ||
| 008 | 230605s9999||||xx |||||||||||||| ||und|| | ||
| 017 | _a2014/1/39 | ||
| 040 |
_aJO-AjNU _bara _erda _cJO-AjNU |
||
| 041 | _aara | ||
| 050 | 1 | 4 | _aQE33.2 2014 |
| 100 | 3 |
_aالنسور ، شيرين حسين, _eauthor _951395 |
|
| 245 | 0 | 0 | _aالاستشعار عن بعد |
| 250 | _aط1 | ||
| 264 | 3 | 1 | _aعمان:مكتبه المجتمع العربي ،2014 |
| 300 | _a167ص | ||
| 336 |
_atext _btxt _2rdacontent |
||
| 337 |
_aunmediated _bn _2rdamedia |
||
| 338 |
_avolume _bnc _2rdacarrier |
||
| 650 | 4 |
_aالاستشعار عن بعد - الاتصالات السلكيه واللاسلكيه _951396 |
|
| 999 |
_aA22698 _c26266 _d26266 |
||